000 00690nam a2200277Ia 4500
008 181129s9999 xx 000 0 und d
020 _a9780531204337
050 _bH685 2008
100 _aHock, Peggy
245 0 _aOur earth :
245 0 _bclean energy /
245 0 _cby Peggy Hock.
260 _aNew York, NY :
260 _bChildren's Press,
260 _c2008
300 _a24 pages :
300 _bcolor illustrations ;
300 _c20cm.
440 _aScholastic news nonfiction readers.
500 _a510L
650 _aFossil fuels --
650 _aRenewable energy sources.
650 _xEnvironmental aspects.
700 _aSeries.
700 _aTitle.
999 _c360002
_d360002